Регионална библиотека "Любен Каравелов" - Русе

Лабиринтът на водата (Запис номер 155185)

MARC детайли
000 -Лидер
Контролно поле с фиксирана дължина 01378nam a2200373 c 4500
003 - Код на организацията, давaща контролен номер
Контролно поле BLK
005 - Дата и час на последна редакция
Контролно поле 20250520121913.0
008 - Елементи от данни с фиксирана дължина
fixed length control field 180410b bul|||||r ||||||| ||bul||
010 ## - Наследен системен номер
LC control number KNG00161859000
020 ## - Международен стандартен номер на книга ISBN
Международен стандартен номер на книга ISBN 978-954-330-392-2
-- издат.: Унискорп
040 ## - Източник на каталожния запис
Идентификатор на билиотеката - собственик на записа BLK
041 ## - Код за език
Код за езика на текст/звукозапис или на отделно заглавие Български
Код за езика КДБФ Български
072 #7 - Код за тематичната категория
Код организация bullib
Код за тематична категория Н8301
Текст Трилъри Н
080 ## - УДК
Текстов определител УДК Перуанска литература
УДК код - определител по УДК 821.134.2(85)
УДК определител -312.4
УДК - код + определител 821.134.2(85)-312.4
100 1# - Редна дума - Автор
Автор Фратини, Ерик
Авторска отговорност първи автор
R(LIN) 134882
139 ## - Редно поле
Редна дума Фратини, Ерик
Авторски знак Фрат - Ф 81
245 10 - Сведения за заглавието
Заглавие Лабиринтът на водата
Подзаглавни данни Ист. трилър
Редно поле (дума) Ерик Фратини; прев. от исп. Георги Златев.
257 ## - Страна на издаване
Страна на създаване/издаване Перу
260 ## - Област на издателските данни
-- София
Име на издателя, разпространителя и проч. Унискорп
Година на издаване 2014
300 ## - Физическа характеристика
Страници 456 с.
Размери/Мащаб 21 см
380 ## - Жанр
Жанр Худож. лит.
490 1# - СЕРИИ (Колекции)
Име на серия Поредица Избрано за вас
500 ## - Общи забележки
Забележка Ориг. загл. El Laberinto de Agua / Eric Frattini.
653 ## - Ключова дума – ненормативна
Ключова дума трилъри
653 ## - Ключова дума – ненормативна
Ключова дума романи
659 ## - Тематичен бюлетин
Тематичен бюлетин Н
700 1# - Други автори (авторска отговорност)
Лично име Златев, Георги
Автороска отговорност (Описва отношението между автора и произведението) прев. от исп.
9 (RLIN) 332731
852 ## - Местоположение
Форматна сигнатура Цб 269252
856 4# - Електронен адрес и достъп
Електронен формат pdf - файл
Път до файла /url/
856 4# - Електронен адрес и достъп
Електронен формат pdf - файл
Път до файла /url/
942 ## - АРТИКУЛИ
Вид на библиотечния материал Книги
Скрит в OPAC Не
Koha issues (borrowed), all copies 5
944 ## - СЪЗДАВАНЕ И РЕДАКЦИЯ на ЗАПИСА
Създаване/Редакция Създаване
Дата на регистрацията/редакция 10.06.2014
Статус, дата на статуса Христина Везирева
Служител, извършил регистрацията/редакцията 30535
944 ## - СЪЗДАВАНЕ И РЕДАКЦИЯ на ЗАПИСА
Създаване/Редакция Редакция
Дата на регистрацията/редакция 20.09.2016
Статус, дата на статуса ф /
Служител, извършил регистрацията/редакцията Людмила_Стоянова
999 ## - СИСТЕМНИ КОНТРОЛНИ НОМЕРА
Koha biblionumber 155185
Koha biblioitemnumber 155185
Наличности
Код за отписване Код за изгубен артикул Източник на класификационната схема Код за повреда Коз за рестрикции Код за отдаване Артикулен № Име на библиотеката - собственик Име на библиотеката, в която се намира в момента Статус (Текущо местоположение) Дата на вписване в системата Местоположение - отдел Цена в лева Инвентарен номер Систематично азбучна сигнатура Баркод Номер на екземпляра Цена в евро Служебна бележка Служебен тип на артикула
  Не е изгубен Universal Decimal Classification Не е повреден без рестрикции заемане за дома 260199 Регионална библиотека "Любен Каравелов" Русе Регионална библиотека "Любен Каравелов" Русе Заемна - подръчен фонд 2014-06-12 Заемна - подръчен фонд 17.00 120000778059 П 860-31/Ф 81 120000778059 1 8.69 Дост: Pk Вид: Ф N: 400 Дата: 09.06.2014 Дата инв: 09.02.2018 Бележки инв: П2018 Книги
  Не е изгубен Universal Decimal Classification Не е повреден без рестрикции заемане за дома 260200 Регионална библиотека "Любен Каравелов" Русе Регионална библиотека "Любен Каравелов" Русе Заемна - подръчен фонд 2014-06-12 Заемна - подръчен фонд 17.00 120000778060 П 860-31/Ф 81 120000778060 2 8.69 Дост: Pk Вид: Ф N: 400 Дата: 09.06.2014 Дата инв: 09.02.2018 Бележки инв: П2018 Книги
  Не е изгубен   Не е повреден без рестрикции ползва се в читалня 260201 Регионална библиотека "Любен Каравелов" Русе Регионална библиотека "Любен Каравелов" Русе Хранилище 2016-09-15 Хранилище 17.00 120000803836 Цб 269252 120000803836 3 8.69 Дост: Dp Вид: Д N: 32 Дата: 05.07.2016 Книги
Vip Innovations Ltd, Rousse, Bulgaria 2025